Normal view
MARC view
Entry Personal Name
001 - CONTROL NUMBER
- control field: 2590
003 - CONTROL NUMBER IDENTIFIER
- control field: dpl
005 - DATE AND TIME OF LATEST TRANSACTION
- control field: 20100730121821.0
008 - FIXED-LENGTH DATA ELEMENTS
- fixed length control field: 100730|||a|||||| | ||| d
040 ## - CATALOGING SOURCE
- Original cataloging agency: dpl
- Transcribing agency: dpl
100 ## - HEADING--PERSONAL NAME
- Personal name: Shinde, Annasaheb
670 ## - SOURCE DATA FOUND
- Source citation: Work cat.: (dpl)38011: Shinde, Annasaheb, Hungry nation to agro power /, 2008
670 ## - SOURCE DATA FOUND
- Source citation: Work cat.: (dpl)38011: Shinde, Annasaheb, Hungry nation to agro power /, 2008
